000 00493nam 22001693 4500
001 200341
021 _b24361/88
090 _a200341
100 _a20260203d u||y0pory50 ba
200 _aDicionário ilustrado da língua portuguesa
_fFrancisco Fernandes
210 _aLisboa
_cEditorial Verbo
_d1984
215 _a4 vols.(1875 p.)
_cencadernado
_d25 cm
606 _93131
_aDicionários
700 _916152
_aFernandes
_bFrancisco
801 _aPT
_bBMMN
_gRPC
830 _cFernando
_fFernando
990 _cLIVROS